Handbook of Community Psychology (Record no. 349405)
[ view plain ]
| 000 -LEADER | |
|---|---|
| fixed length control field | 00352nam a22001457a 4500 |
| 003 - CONTROL NUMBER IDENTIFIER | |
| control field | OSt |
| 005 - DATE AND TIME OF LATEST TRANSACTION | |
| control field | 20180116182948.0 |
| 008 - FIXED-LENGTH DATA ELEMENTS--GENERAL INFORMATION | |
| fixed length control field | 131008b xxu||||| |||| 00| 0 eng d |
| 040 ## - CATALOGING SOURCE | |
| Transcribing agency | 0 |
| 082 ## - DEWEY DECIMAL CLASSIFICATION NUMBER | |
| Classification number | 362.2 RAP 1999 |
| 100 ## - MAIN ENTRY--PERSONAL NAME | |
| Personal name | Julian Rappaport |
| 245 ## - TITLE STATEMENT | |
| Title | Handbook of Community Psychology |
| Statement of responsibility, etc. | Julian Rappaport |
| 300 ## - PHYSICAL DESCRIPTION | |
| Extent | 1011p. |
| 942 ## - ADDED ENTRY ELEMENTS (KOHA) | |
| Source of classification or shelving scheme | |
| Koha item type | Book |
| Withdrawn status | Lost status | Source of classification or shelving scheme | Damaged status | Not for loan | Collection code | Permanent Location | Current Location | Shelving location | Date acquired | Total Checkouts | Full call number | Barcode | Date last seen | Date last checked out | Price effective from | Koha item type |
|---|---|---|---|---|---|---|---|---|---|---|---|---|---|---|---|---|
| Central Library (CL) | Central Library (CL) | General Stacks | 10/08/2013 | 1 | 362.2 RAP 1999 | NBSPS-46 | 11/09/2013 | 10/09/2013 | 10/08/2013 | Book | ||||||
| Central Library (CL) | Central Library (CL) | General Stacks | 10/08/2013 | 362.2 RAP 1999 | NBSPS-47 | 10/08/2013 | 10/08/2013 | Book | ||||||||
| Central Library (CL) | Central Library (CL) | General Stacks | 10/08/2013 | 362.2 RAP 1999 | NBSPS-48 | 10/08/2013 | 10/08/2013 | Book | ||||||||
| Central Library (CL) | Central Library (CL) | General Stacks | 10/08/2013 | 362.2 RAP 1999 | NBSPS-49 | 10/08/2013 | 10/08/2013 | Book | ||||||||
| Central Library (CL) | Central Library (CL) | General Stacks | 10/08/2013 | 1 | 362.2 RAP 1999 | NBSPS-50 | 03/06/2015 | 03/06/2015 | 10/08/2013 | Book |
